Statystyki dla Zgadnij terytorium po fakcie.

Kliknij tutaj aby rozwiązać quiz!

Ogólne statystyki

  • Ten quiz został rozwiązany 22 razy
  • Średni wynik to 2 z 8

Statystyki odpowiedzi

HintOdpowiedź% Poprawnych
Największa wyspa na świecieGrenlandia
100%
Terytorium uzyskało niepodległość
od Danii które trwało tylko 11 dni.
Wyspy owcze
77%
Terytorium używało kiedyś banknotów
z pokemonami jako walute.
Niue
23%
Japoński żołnierz Yoki ukrył się
na tej wyspie podczas WW2
siedział tam 8 lat myśląc że wojna
nadal trwa ponieważ nad nim
przelatywały samoloty.
Guam
14%
Jest drugim najgorszym terytorium
w piłce nożnej.
Anguilla
9%
Pierwsze terytorium odwiedzone
przez K.Kolumba.
Gwadelupa
5%
Najwięcej plaż na jedną mile
kwadratową.
Sint Marteen
5%
Jest terytorium Australii. Jest
nazwana jak popularna sieć
Restauracji.
Wyspy McDonalda
5%

Rozkład punktacji

Percentyl według liczby udzielonych odpowiedzi

Procent ludzi z każdym wynikiem

Twoja historia wyników

Nie rozwiązałeś tego quizu